000 00593nam a2200181 i 4500
001 72518
003 ES-MaACL
005 20230906171447.0
007 t|
008 040901s1907 sp |||| | spa d
100 1 _aGistau Ferrando, Miguel,
_d1872-1920
_9167580
245 1 3 _aLa Guardia Civil
_b: historia de esta institución /
_cMiguel Gistau Ferrando.
260 _aValdemoro (Madrid) :
_b[s.n.,
_c1907] (
_fImp. de la Guardia Civil)
300 _a588 p. ;
_c24 cm.
610 1 4 _aEspaƱa.
_bGuardia Civil-
_vHistoria.
_9167582
852 _aES-MaACL
_jF-1280
999 _c72518
_d72518